000
00300nam a2200109Ia 4500
008
200302s9999 xx 000 0 und d
100
_a
Micheal Coates & Others
245
_a
The Visual Dictionary Of Interior Architecture and Design
260
_b
Ava Publishing Sa
260
_c
2009
300
_a
287 P.,
999
_c
4321
_d
4321